| 000 | 00515nam a22001577a 4500 | ||
|---|---|---|---|
| 005 | 20251108171123.0 | ||
| 008 | 250721s1987 xx 000 0 ara d | ||
| 082 | 1 | 4 | _a219/هشا |
| 100 | 1 | _aإبن هشام، عبد الملك بن هشام إبن أيوب الحميري المعافرى | |
| 245 | 1 | 0 | _aمختصر سيرة النبي / |
| 264 | 1 |
_aبيروت : _bدار الندوة الجديدة، _c1987. |
|
| 300 | _a648ص | ||
| 650 | 1 | 7 | _aالسيرة النبوية |
| 942 |
_2ddc _cBK |
||
| 999 |
_c57132 _d57132 |
||